[Event "Chess24 Banter Blitz Cup"]
[Site "chess24.com INT"]
[Date "2020.03.28"]
[Round "4.1"]
[White "Meier, Georg"]
[Black "Duda, Jan-Krzysztof"]
[Result "1/2-1/2"]
[WhiteTitle "GM"]
[BlackTitle "GM"]
[WhiteElo "2628"]
[BlackElo "2734"]
[WhiteFideId "4675789"]
[BlackFideId "1170546"]
[EventDate "2019.09.25"]
[EventType "blitz"]

1. Nf3 Nf6 2. g3 b6 3. Bg2 Bb7 4. c4 c5 5. O-O g6 6. b3 Bg7 7. Bb2 O-O 8. Nc3
Ne4 9. Qc2 Nxc3 10. Bxc3 Bxf3 11. Bxf3 Nc6 12. Bxg7 Kxg7 13. Qc3+ Kg8 14. e3 Rc8
15. Rad1 e6 16. Bxc6 dxc6 17. d4 Qf6 18. Qc2 cxd4 19. Rxd4 Rfd8 20. Rfd1 Rxd4
21. Rxd4 Rd8 22. Qe4 1/2-1/2

[Event "Chess24 Banter Blitz Cup"]
[Site "chess24.com INT"]
[Date "2020.03.28"]
[Round "4.2"]
[White "Duda, Jan-Krzysztof"]
[Black "Meier, Georg"]
[Result "0-1"]
[WhiteTitle "GM"]
[BlackTitle "GM"]
[WhiteElo "2734"]
[BlackElo "2628"]
[WhiteFideId "1170546"]
[BlackFideId "4675789"]
[EventDate "2019.09.25"]
[EventType "blitz"]

1. e4 e6 2. d4 d5 3. Nc3 dxe4 4. Nxe4 Nd7 5. Nf3 Ngf6 6. Nxf6+ Nxf6 7. c3 c5 8.
Be3 Qc7 9. Ne5 a6 10. Qa4+ Nd7 11. Bb5 cxd4 12. Bxd7+ Bxd7 13. Qxd4 f6 14. Nxd7
Qxd7 15. O-O-O Qxd4 16. Rxd4 Rd8 17. Rc4 Bd6 18. Rd1 Ke7 19. Bb6 Rd7 20. Kc2 e5
21. a4 Ke6 22. b4 h5 23. h4 Rg8 24. g3 g6 25. Kb3 Re8 26. a5 Bb8 27. Re1 Kf5 28.
Kc2 Bd6 29. Rd1 Ke6 30. Rb1 Kd5 31. Kb3 Ke6 32. Rg1 f5 33. Re1 Kf7 34. Ka4 Ke6
35. b5 axb5+ 36. Kxb5 Ra8 37. Rd1 Re8 38. Ra4 Be7 39. Raa1 Rxd1 40. Rxd1 f4 41.
c4 g5 42. hxg5 Bxg5 43. c5 h4 44. gxh4 Bxh4 45. c6 bxc6+ 46. Kxc6 Rc8+ 47. Kb7
Rc2 48. a6 Rb2 49. Rf1 Bd8 50. a7 Rxb6+ 51. Kc8 Ra6 52. Kb7 Rb6+ 53. Kc8 Ra6 54.
Kb8 Bb6 55. a8=Q Rxa8+ 56. Kxa8 f3 57. Kb7 Bxf2 58. Kc6 e4 59. Rxf2 Ke5 60. Rd2
Kf4 61. Rd5 e3 62. Rd6 Kg3 63. Rf6 e2 64. Rg6+ Kf2 65. Re6 e1=Q 66. Rxe1 Kxe1
67. Kd5 f2 68. Ke5 f1=Q 69. Ke6 Qe2+ 70. Kd7 Qd2+ 71. Kc7 Qd1 72. Kc6 Qe2 73.
Kb6 Qd2 74. Kb7 Qc1 75. Ka7 Qb1 76. Ka6 Qb2 0-1

[Event "Chess24 Banter Blitz Cup"]
[Site "chess24.com INT"]
[Date "2020.03.28"]
[Round "4.3"]
[White "Meier, Georg"]
[Black "Duda, Jan-Krzysztof"]
[Result "0-1"]
[WhiteTitle "GM"]
[BlackTitle "GM"]
[WhiteElo "2628"]
[BlackElo "2734"]
[WhiteFideId "4675789"]
[BlackFideId "1170546"]
[EventDate "2019.09.25"]
[EventType "blitz"]

1. Nf3 c5 2. g3 g6 3. c3 Bg7 4. d4 cxd4 5. cxd4 Nf6 6. Bg2 O-O 7. O-O d5 8. Nc3
Nc6 9. Ne5 e6 10. Bg5 h6 11. Nxc6 bxc6 12. Bf4 Nd7 13. Qd2 Kh7 14. Rac1 a5 15.
b3 Ba6 16. Rfd1 Qe7 17. Na4 Rfc8 18. e4 Bb5 19. Nc3 Ba6 20. h4 Nb6 21. Re1 Qb4
22. Be5 Bxe5 23. dxe5 d4 24. Qf4 Ra7 25. Nb1 a4 26. Nd2 axb3 27. axb3 Bb5 28.
Rc2 Rca8 29. Rec1 Qe7 30. Bf1 d3 31. Rc3 Ra1 32. Nf3 Nd7 33. Bxd3 Rxc1+ 34. Qxc1
Bxd3 35. Rxd3 c5 36. Kg2 Ra7 37. Qd2 Kg7 38. Rd6 Rb7 39. Qd3 Nb8 40. Qc3 Nd7 41.
Qd3 Nb8 42. Qe3 Nd7 43. Qc3 Kh7 44. Rc6 Kg7 45. Qd3 Nb8 46. Rd6 Nd7 47. Rc6 Nb8
48. Rc8 Qd7 49. Qxd7 Nxd7 50. Rd8 Nf8 51. Nh2 h5 52. Nf3 Rxb3 53. Rc8 Nd7 54.
Rc7 Rd3 55. Ng5 Kf8 56. Nf3 Ke7 57. Ng5 Rd4 58. f4 Rd2+ 59. Kf3 Rd3+ 60. Kf2 Kd8
61. Rc6 Ke8 62. Rc7 Ke7 63. Rc6 Rc3 64. Kg2 Rc2+ 65. Kf3 Rd2 66. Rc7 Rd3+ 67.
Kf2 Rd4 68. Kf3 Rd2 69. Rc6 Rd3+ 70. Kf2 Rb3 71. Rc7 Rb8 72. Rc6 Kd8 73. Rd6 Ke8
74. Rd2 Rb3 75. Re2 Rc3 76. Nf3 Rc4 77. f5 Rxe4 78. fxe6 Rxe2+ 79. Kxe2 fxe6 80.
Nd4 Nf8 81. Nc6 Kd7 82. Nd4 Kc7 83. Nb5+ Kb6 84. Nd4 Ka5 85. Nxe6 Ka4 86. Nf4
Ka3 87. Nd5 Ka2 0-1

[Event "Chess24 Banter Blitz Cup"]
[Site "chess24.com INT"]
[Date "2020.03.28"]
[Round "4.4"]
[White "Duda, Jan-Krzysztof"]
[Black "Meier, Georg"]
[Result "1-0"]
[WhiteTitle "GM"]
[BlackTitle "GM"]
[WhiteElo "2734"]
[BlackElo "2628"]
[WhiteFideId "1170546"]
[BlackFideId "4675789"]
[EventDate "2019.09.25"]
[EventType "blitz"]

1. e4 e6 2. d4 d5 3. Nc3 dxe4 4. Nxe4 Nd7 5. Nf3 Ngf6 6. Nxf6+ Nxf6 7. c3 c5 8.
Be3 Qc7 9. Ne5 a6 10. Qa4+ Nd7 11. Bb5 cxd4 12. Bxd7+ Bxd7 13. Qxd4 f6 14. Nxd7
Qxd7 15. O-O-O Qxd4 16. Rxd4 Rd8 17. Rc4 Bd6 18. Bb6 Ke7 19. Bxd8+ Rxd8 20. g3
e5 21. Re4 Ke6 22. Rd1 f5 23. Re2 Rc8 24. Kc2 g5 25. a3 h5 26. Red2 Rc6 27. b4
b5 28. Kb3 e4 29. Rc2 f4 30. c4 Be5 31. cxb5 Rxc2 32. Kxc2 axb5 33. gxf4 gxf4
34. Rd8 f3 35. Kd1 Bb2 36. Rb8 Bxa3 37. Rxb5 Bb2 38. Rxh5 Bd4 39. Ke1 Bc3+ 40.
Kf1 Bxb4 41. Rb5 Be7 42. Rh5 Bf6 43. Rh6 Kf5 44. h3 Bg5 45. Rh5 Kg6 46. Rh8 Kf5
47. Rf8+ Ke5 48. Rf7 Ke6 49. Rg7 Kf5 50. Rg8 Bh4 51. Rf8+ Ke5 52. Kg1 Bg5 53.
Rf7 Bh4 54. Rg7 Kf5 55. Rg4 Bg5 56. Kf1 Bf6 57. Rg8 Bh4 58. Ra8 Kf4 59. Ra5 Bf6
60. Rh5 Bd4 61. h4 Bf6 62. Rh7 Kg4 63. h5 Kg5 64. Kg1 Bd4 65. Kf1 e3 66. fxe3
Bxe3 67. h6 Kg6 68. Re7 Bxh6 69. Re6+ Kg5 70. Kf2 Kf5 71. Rxh6 Kg5 72. Rh1 Kf5
73. Rg1 Kf4 74. Rg3 Kf5 75. Rxf3+ Ke5 76. Re3+ 1-0

[Event "Chess24 Banter Blitz Cup"]
[Site "chess24.com INT"]
[Date "2020.03.28"]
[Round "4.5"]
[White "Meier, Georg"]
[Black "Duda, Jan-Krzysztof"]
[Result "1-0"]
[WhiteTitle "GM"]
[BlackTitle "GM"]
[WhiteElo "2628"]
[BlackElo "2734"]
[WhiteFideId "4675789"]
[BlackFideId "1170546"]
[EventDate "2019.09.25"]
[EventType "blitz"]

1. Nf3 Nf6 2. g3 g6 3. Bg2 Bg7 4. O-O O-O 5. d4 d5 6. c4 c6 7. cxd5 cxd5 8. Nc3
e6 9. Bf4 Nc6 10. Rc1 a6 11. Ne5 Bd7 12. Qd2 Rc8 13. Rfd1 Nxe5 14. dxe5 Ng4 15.
e4 Nxe5 16. exd5 Nc4 17. Qe2 e5 18. Be3 f5 19. d6 Nxe3 20. Qxe3 e4 21. f3 exf3
22. Bxf3 Re8 23. Qa7 Bc6 24. Bxc6 Rxc6 25. d7 Rf8 26. Qxb7 Rc7 27. Qd5+ Kh8 28.
Ne2 Rxc1 29. Rxc1 Qb6+ 30. Kh1 Bf6 31. Nf4 Qxb2 32. Rc8 Qa1+ 33. Kg2 Qb2+ 34.
Kh3 Bd8 35. Ne6 g5 36. Qd4+ Qxd4 37. Nxd4 Rg8 38. Ne6 Bf6 39. d8=Q g4+ 40. Kg2
Bxd8 41. Rxd8 Rxd8 42. Nxd8 Kg7 43. Nb7 Kf6 44. a4 Ke5 45. Nc5 a5 46. Nb3 f4 47.
Nxa5 f3+ 48. Kf2 Kd5 49. Nb3 Kc4 50. Nd2+ Kb4 51. Nf1 Kxa4 52. Ne3 h5 53. Nf5
Kb5 54. Ng7 h4 55. gxh4 Kc5 56. h5 Kd6 57. h6 Ke7 58. h7 g3+ 59. hxg3 Kf7 60.
h8=Q Kg6 61. Qh4 1-0

[Event "Chess24 Banter Blitz Cup"]
[Site "chess24.com INT"]
[Date "2020.03.28"]
[Round "4.6"]
[White "Duda, Jan-Krzysztof"]
[Black "Meier, Georg"]
[Result "1-0"]
[WhiteTitle "GM"]
[BlackTitle "GM"]
[WhiteElo "2734"]
[BlackElo "2628"]
[WhiteFideId "1170546"]
[BlackFideId "4675789"]
[EventDate "2019.09.25"]
[EventType "blitz"]

1. e4 e6 2. d4 d5 3. Nc3 dxe4 4. Nxe4 Nd7 5. Nf3 Ngf6 6. Nxf6+ Nxf6 7. c3 c5 8.
Be3 Qc7 9. Ne5 a6 10. Qa4+ Nd7 11. Bb5 cxd4 12. Bxd7+ Bxd7 13. Qxd4 f6 14. Qxd7+
Qxd7 15. Nxd7 Kxd7 16. O-O-O+ Kc7 17. Rd4 Rd8 18. Rc4+ Kb8 19. a4 e5 20. Bb6 Rd7
21. Kc2 Be7 22. Re1 Bd8 23. Be3 Bc7 24. g4 h5 25. h3 hxg4 26. hxg4 Rh4 27. b3 g6
28. Rg1 Rd5 29. g5 Rxc4 30. bxc4 Rd6 31. c5 Re6 32. gxf6 Rxf6 33. Kd3 Kc8 34.
Rb1 Rf5 35. Ke4 Rh5 36. Kd5 Rh4 37. c4 Rh8 38. Rg1 Rd8+ 39. Ke6 Rd3 40. Rxg6 Bd8
41. Kxe5 Ra3 42. c6 Rxa4 43. Rg8 bxc6 44. Bb6 Rxc4 45. Rxd8+ Kb7 46. Be3 a5 47.
Rd7+ Ka6 48. f4 a4 49. f5 Rc3 50. Kd4 Rb3 51. Ke4 Rb4+ 52. Kf3 Rb8 53. f6 Kb5
54. f7 a3 55. Rb7+ Kc4 56. Rxb8 a2 57. Ra8 a1=Q 58. Rxa1 1-0

[Event "Chess24 Banter Blitz Cup"]
[Site "chess24.com INT"]
[Date "2020.03.28"]
[Round "4.7"]
[White "Meier, Georg"]
[Black "Duda, Jan-Krzysztof"]
[Result "1-0"]
[WhiteTitle "GM"]
[BlackTitle "GM"]
[WhiteElo "2628"]
[BlackElo "2734"]
[WhiteFideId "4675789"]
[BlackFideId "1170546"]
[EventDate "2019.09.25"]
[EventType "blitz"]

1. Nf3 Nf6 2. g3 b6 3. Bg2 Bb7 4. c4 c5 5. O-O g6 6. b3 Bg7 7. Bb2 O-O 8. Nc3
Ne4 9. Qc2 Nxc3 10. Bxc3 Bxc3 11. Qxc3 Nc6 12. d4 Nxd4 13. Nxd4 cxd4 14. Qxd4
Bxg2 15. Kxg2 Rc8 16. Rad1 d6 17. Qe3 Rc5 18. Rd4 Qc7 19. Rfd1 a6 20. Rh4 h5 21.
g4 Re5 22. Qd2 Kh7 23. gxh5 g5 24. Rg4 Qc6+ 25. f3 Rg8 26. Kh1 b5 27. Rdg1 bxc4
28. bxc4 Qc5 29. h4 f5 30. Rxg5 Qf2 31. Rxg8 Qxh4+ 32. Kg2 Kxg8 33. Kf1+ Kf7 34.
Qh6 Ke8 35. Qg5 Qxc4 36. Qg8+ Qxg8 37. Rxg8+ Kf7 38. Rg1 f4 39. Rh1 Kg7 40. Rh4
Ra5 41. Rxf4 Rxa2 42. Re4 e5 43. Rg4+ Kh6 44. Rg6+ Kxh5 45. Rxd6 Kg5 46. Kf2 Kf5
47. Rc6 a5 48. Rc8 a4 49. Rf8+ Ke6 50. Rd8 Kf5 51. Ra8 a3 52. Ra6 Ra1 53. Ke3 a2
54. Ra5 Kf6 55. Ra6+ Kf5 56. Ra8 Ke6 57. Ra6+ Kd5 58. Ra5+ Kc4 59. Ra8 Kb4 60.
Rb8+ Kc3 61. Ra8 Kb3 62. Rc8 Rb1 63. Rb8+ Kc2 64. Ra8 1-0

[Event "Chess24 Banter Blitz Cup"]
[Site "chess24.com INT"]
[Date "2020.03.28"]
[Round "4.8"]
[White "Duda, Jan-Krzysztof"]
[Black "Meier, Georg"]
[Result "1-0"]
[WhiteTitle "GM"]
[BlackTitle "GM"]
[WhiteElo "2734"]
[BlackElo "2628"]
[WhiteFideId "1170546"]
[BlackFideId "4675789"]
[EventDate "2019.09.25"]
[EventType "blitz"]

1. e4 e6 2. d4 d5 3. Nc3 dxe4 4. Nxe4 Nd7 5. Nf3 Ngf6 6. Nxf6+ Nxf6 7. c3 c5 8.
Be3 Qc7 9. Bb5+ Bd7 10. Bxd7+ Nxd7 11. d5 exd5 12. Qxd5 Nf6 13. Qc4 Bd6 14. Bg5
Qe7+ 15. Kf1 O-O 16. Re1 Qd8 17. g3 h6 18. Bxf6 Qxf6 19. Kg2 Rfd8 20. Re3 Bf8
21. Rhe1 Qc6 22. a4 Qd5 23. Qf4 Rd6 24. Re5 Qc6 25. Rf5 f6 26. Qc4+ Kh7 27. Rxc5
Qa6 28. Qe4+ Kg8 29. Rc7 Rc6 30. Qd5+ Kh7 31. Rd7 Rc5 32. Qe4+ Kg8 33. Rxb7 Rd8
34. Qe6+ Qxe6 35. Rxe6 Ra5 36. b3 Rc5 37. c4 a5 38. Rb5 Rd3 39. Re3 Rd8 40. Kf1
Kf7 41. Ke2 Rd7 42. Rd3 Re7+ 43. Kf1 Rec7 44. Nd2 f5 45. Nf3 Ke6 46. Rd5 Rxd5
47. Rxd5 1-0

[Event "Chess24 Banter Blitz Cup"]
[Site "chess24.com INT"]
[Date "2020.03.28"]
[Round "4.9"]
[White "Meier, Georg"]
[Black "Duda, Jan-Krzysztof"]
[Result "1-0"]
[WhiteTitle "GM"]
[BlackTitle "GM"]
[WhiteElo "2628"]
[BlackElo "2734"]
[WhiteFideId "4675789"]
[BlackFideId "1170546"]
[EventDate "2019.09.25"]
[EventType "blitz"]

1. Nf3 Nf6 2. g3 b6 3. Bg2 Bb7 4. O-O g6 5. c4 c5 6. b3 Bg7 7. Bb2 O-O 8. Nc3 d5
9. Nxd5 Nxd5 10. Bxg7 Kxg7 11. cxd5 Qxd5 12. d4 cxd4 13. Qxd4+ Qxd4 14. Nxd4
Bxg2 15. Kxg2 Na6 16. Rac1 Rfd8 17. Rfd1 Rac8 18. Rxc8 Rxc8 19. Nb5 Rc2 20. a3
Rxe2 21. b4 Re5 22. Nxa7 Nc7 23. Rd7 Nd5 24. Nc6 Re6 25. Nd4 Re5 26. f4 Nf6 27.
fxe5 Nxd7 28. Nc6 f5 29. exf6+ Kxf6 30. a4 e5 31. a5 bxa5 32. bxa5 Ke6 33. a6
Kd6 34. a7 Nb6 35. Na5 Kd5 36. Kf3 Na8 37. Ke3 Nc7 38. g4 Na8 39. h4 Nc7 40. g5
Na8 41. Nb3 Nc7 42. Nd2 Na8 43. Ne4 Ke6 44. Kf3 Nc7 45. Nf2 Kf5 46. Ne4 Na8 47.
Ng3+ Ke6 48. Ke4 Nc7 49. Nf1 Kd6 50. Ne3 Kc6 51. Nc4 Kb7 52. Kxe5 Kxa7 53. Nd2
Kb6 54. Ne4 Kc6 55. Nf6 Nb5 56. Nxh7 Nd6 57. Nf8 Nf7+ 58. Kf6 Nd6 59. Nxg6 1-0

[Event "Chess24 Banter Blitz Cup"]
[Site "chess24.com INT"]
[Date "2020.03.28"]
[Round "4.10"]
[White "Duda, Jan-Krzysztof"]
[Black "Meier, Georg"]
[Result "0-1"]
[WhiteTitle "GM"]
[BlackTitle "GM"]
[WhiteElo "2734"]
[BlackElo "2628"]
[WhiteFideId "1170546"]
[BlackFideId "4675789"]
[EventDate "2019.09.25"]
[EventType "blitz"]

1. e4 e6 2. d4 d5 3. Nc3 dxe4 4. Nxe4 Nd7 5. Nf3 Ngf6 6. Nxf6+ Nxf6 7. c3 c5 8.
Be3 cxd4 9. Bxd4 Qc7 10. Bd3 Bc5 11. Qe2 Bxd4 12. Nxd4 O-O 13. O-O-O e5 14. Nb5
Qc5 15. Nd6 Be6 16. Rhe1 b6 17. Qxe5 Qxf2 18. Rf1 Qh4 19. Kb1 Rad8 20. Nf5 Bxf5
21. Qxf5 h6 22. Qf4 Qxf4 23. Rxf4 Rfe8 24. Kc1 Kf8 25. h3 Re3 26. Bc2 Rxd1+ 27.
Kxd1 Rg3 28. Rf2 Ne8 29. Be4 Nd6 30. Bf3 Rg5 31. b3 a5 32. Rd2 Ke7 33. c4 b5 34.
cxb5 Rxb5 35. Bd5 g5 36. Ke2 Rb4 37. Kd3 h5 38. Re2+ Kf6 39. Rf2+ Ke7 40. a3 Rb8
41. Kd4 h4 42. Ke5 Rb5 43. Rc2 f6+ 44. Kd4 Nf5+ 45. Ke4 Rxd5 46. Rc7+ Ke6 47.
Ra7 Nd6+ 48. Ke3 f5 49. Ra6 Re5+ 50. Kd4 Rd5+ 51. Kc3 g4 52. b4 gxh3 53. gxh3
axb4+ 54. Kxb4 f4 55. Rc6 f3 56. Rc1 Rf5 57. a4 Ne4 58. Re1 f2 59. Rf1 Ng3 60.
Rc1 f1=Q 61. Rxf1 Rxf1 62. a5 Rb1+ 63. Kc5 Kf5 64. a6 Ra1 65. Kb6 Kf4 66. a7
Rxa7 67. Kxa7 Kf3 68. Kb6 Kg2 69. Kc5 Kxh3 70. Kd4 Kg2 71. Ke5 h3 72. Kf6 h2 73.
Kg5 h1=Q 74. Kg4 Qf1 75. Kh4 Qf2 76. Kg5 Nf1 77. Kg6 Qe2 78. Kh6 Qe1 79. Kg7 Qd1
80. Kf6 Qd2 81. Kg6 Qc2+ 82. Kf7 Qc1 83. Ke7 Qb1 84. Ke6 Qb2 85. Kf7 Qc2 0-1

[Event "Chess24 Banter Blitz Cup"]
[Site "chess24.com INT"]
[Date "2020.03.28"]
[Round "4.11"]
[White "Meier, Georg"]
[Black "Duda, Jan-Krzysztof"]
[Result "0-1"]
[WhiteTitle "GM"]
[BlackTitle "GM"]
[WhiteElo "2628"]
[BlackElo "2734"]
[WhiteFideId "4675789"]
[BlackFideId "1170546"]
[EventDate "2019.09.25"]
[EventType "blitz"]

1. Nf3 d5 2. g3 Bg4 3. Bg2 c6 4. h3 Bxf3 5. Bxf3 e6 6. d3 Nf6 7. Nd2 Nbd7 8. O-O
Qc7 9. Bg2 O-O-O 10. Rb1 Bd6 11. e3 h5 12. b4 g5 13. a4 g4 14. h4 Ng8 15. b5 c5
16. c4 Ne7 17. Bb2 Rhf8 18. cxd5 exd5 19. e4 f5 20. exd5 f4 21. gxf4 Ng6 22. Nc4
Nxh4 23. Be4 Bxf4 24. a5 Nf3+ 25. Kh1 Nde5 26. d6 Rxd6 27. Bxe5 Nxe5 28. b6 Qe7
29. Nxd6+ Kd7 30. Kg2 Qh4 31. Rh1 Bh2 32. Rxh2 Rxf2+ 0-1

[Event "Chess24 Banter Blitz Cup"]
[Site "chess24.com INT"]
[Date "2020.03.28"]
[Round "4.12"]
[White "Duda, Jan-Krzysztof"]
[Black "Meier, Georg"]
[Result "0-1"]
[WhiteTitle "GM"]
[BlackTitle "GM"]
[WhiteElo "2734"]
[BlackElo "2628"]
[WhiteFideId "1170546"]
[BlackFideId "4675789"]
[EventDate "2019.09.25"]
[EventType "blitz"]

1. c4 b6 2. d4 e6 3. e4 Bb4+ 4. Nc3 Bb7 5. Qc2 Qh4 6. Bd3 f5 7. Nf3 Bxc3+ 8.
Qxc3 Qg4 9. exf5 Qxg2 10. Rg1 Qxf3 11. d5 Na6 12. Qxg7 O-O-O 13. Qxh8 Ne7 14.
Qc3 Nxf5 15. Be2 Qe4 16. Bg5 Re8 17. f3 Qd4 18. Qxd4 Nxd4 19. Kf2 Nxe2 20. Kxe2
exd5+ 21. Kf2 dxc4 22. Rae1 Rf8 23. Re3 Bd5 24. Be7 Rf7 25. Rg8+ Kb7 26. Rf8 Rg7
27. Bf6 Rg6 28. h4 Nc5 29. Bd4 Nd3+ 30. Kf1 c5 31. Bc3 b5 32. Rf5 Be6 33. Rg5
Rh6 34. h5 Nf4 35. Rxc5 a6 36. Ree5 Nd3 37. Bd2 Nxe5 38. Bxh6 d6 39. Rxe5 dxe5
40. Ke2 c3 41. b3 b4 42. Bc1 Kc6 43. Ke3 a5 44. h6 Kd6 45. Ke4 Bd5+ 46. Kd3 Ke6
47. f4 Kf5 48. fxe5 Kxe5 49. Ke3 a4 50. Kd3 axb3 51. a3 bxa3 52. Kxc3 b2 53. Bd2
Be4 54. Kb4 Kf5 55. Kc5 b1=Q 56. Bc3 Qc2 57. Kd4 Qd3+ 58. Kc5 Qxc3+ 59. Kd6 Qb3
60. Ke7 Qb2 61. Kd8 Qc3 62. Kd7 Qd4+ 63. Ke7 Qe5+ 64. Kf8 Qf6+ 65. Kg8 Qg6+ 66.
Kh8 Qxh6 0-1

[Event "Chess24 Banter Blitz Cup"]
[Site "chess24.com INT"]
[Date "2020.03.28"]
[Round "4.13"]
[White "Meier, Georg"]
[Black "Duda, Jan-Krzysztof"]
[Result "1-0"]
[WhiteTitle "GM"]
[BlackTitle "GM"]
[WhiteElo "2628"]
[BlackElo "2734"]
[WhiteFideId "4675789"]
[BlackFideId "1170546"]
[EventDate "2019.09.25"]
[EventType "blitz"]

1. Nf3 d5 2. g3 c6 3. Bg2 Bg4 4. h3 Bxf3 5. Bxf3 Nd7 6. d3 e6 7. Nd2 Bd6 8. Bg2
Ngf6 9. e3 Qe7 10. Qe2 h5 11. a3 O-O-O 12. b4 Nb6 13. Rb1 Na4 14. Rb3 Bc7 15.
Nf3 e5 16. Bd2 e4 17. Nh4 Qe6 18. Bf1 g5 19. Ng2 exd3 20. cxd3 d4 21. Qd1 dxe3
22. Nxe3 Nd5 23. Bg2 Nxe3 24. Bxe3 Bxg3 25. O-O Bc7 26. Re1 g4 27. h4 Rhe8 28.
d4 f5 29. d5 cxd5 30. Qc2 Qd6 31. Qxf5+ Kb8 32. Kf1 d4 33. Bd2 Rf8 34. Qe4 Qa6+
35. b5 Qb6 36. Ba5 Nc5 37. Bxb6 axb6 38. Qb1 d3 39. Rd1 g3 40. Rbxd3 Rxf2+ 41.
Kg1 Nxd3 42. Rxd3 Re8 43. Qd1 Rfe2 44. Bf1 Re1 45. Qf3 Be5 46. Kg2 Ka7 47. Re3
Ra1 48. Qxh5 Ra2+ 49. Re2 Rxe2+ 50. Qxe2 Re7 51. Qe4 Bd6 52. Qd5 Bc5 53. Bd3 Re1
54. Be4 Rg1+ 55. Kh3 Rh1+ 56. Bxh1 g2 57. Qxg2 Kb8 58. Qxb7# 1-0

[Event "Chess24 Banter Blitz Cup"]
[Site "chess24.com INT"]
[Date "2020.03.28"]
[Round "4.14"]
[White "Duda, Jan-Krzysztof"]
[Black "Meier, Georg"]
[Result "0-1"]
[WhiteTitle "GM"]
[BlackTitle "GM"]
[WhiteElo "2734"]
[BlackElo "2628"]
[WhiteFideId "1170546"]
[BlackFideId "4675789"]
[EventDate "2019.09.25"]
[EventType "blitz"]

1. c4 b6 2. d4 Bb7 3. Nc3 e6 4. e4 Bb4 5. Qc2 Bxc3+ 6. bxc3 Ne7 7. Bd3 d6 8. Ne2
c5 9. O-O Nbc6 10. f4 Qd7 11. d5 Na5 12. f5 Ba6 13. fxe6 fxe6 14. Nf4 exd5 15.
cxd5 Bxd3 16. Qxd3 O-O 17. c4 Ng6 18. Nxg6 Rxf1+ 19. Qxf1 hxg6 20. Bd2 Qa4 21.
Bxa5 Qxa5 22. Qd3 Rf8 23. h3 Qa4 24. a3 Qe8 25. Qg3 Qxe4 26. Re1 Qf4 27. Qc3 g5
28. Kh1 g4 29. hxg4 Qxg4 30. Kg1 Qf4 31. Re3 Qf2+ 32. Kh2 Rf4 33. Rh3 Rh4 34.
Qd3 Qf4+ 35. Kh1 Qxc4 36. Qf5 Rxh3+ 37. gxh3 Qe2 38. Qc8+ Kf7 39. Qd7+ Qe7 40.
Qf5+ Qf6 41. Qd7+ Kg6 42. Qg4+ Kh6 43. Qe4 b5 44. Qe3+ g5 45. Qe2 Qf5 46. Qxb5
Qxd5+ 47. Kh2 Qe5+ 48. Kg2 Kg6 49. Qb8 Kf6 50. Qf8+ Ke6 51. Qe8+ Kf5 52. Qf7+
Ke4 53. Qf3+ Kd4 54. Qf2+ Qe3 55. Qc2 Qe4+ 56. Qxe4+ Kxe4 57. Kg3 c4 58. Kg4 c3
59. Kxg5 c2 60. Kf6 c1=Q 61. Ke6 Qxa3 62. Kd7 Qb3 63. Kc6 Qb4 64. Kc7 Qc4+ 65.
Kd7 Qd4 66. Ke7 Qe5+ 67. Kd7 Qf5+ 68. Kc7 Qxh3 69. Kb7 Qg4 70. Ka8 Qf4 0-1

[Event "Chess24 Banter Blitz Cup"]
[Site "chess24.com INT"]
[Date "2020.03.25"]
[Round "4.1"]
[White "Firouzja, Alireza"]
[Black "Bluebaum, Matthias"]
[Result "1-0"]
[WhiteTitle "GM"]
[BlackTitle "GM"]
[WhiteElo "2702"]
[BlackElo "2643"]
[WhiteFideId "12573981"]
[BlackFideId "24651516"]
[EventDate "2019.09.25"]
[EventType "blitz"]

1. e4 e6 2. d4 d5 3. Nc3 Nf6 4. exd5 exd5 5. Bd3 c6 6. Nge2 Bd6 7. h3 O-O 8. O-O
h6 9. Bf4 Be6 10. Qd2 Re8 11. Rfe1 Qc7 12. Bxd6 Qxd6 13. Nf4 Nbd7 14. Nce2 Nf8
15. Ng3 Bd7 16. c3 g6 17. Bc2 Rxe1+ 18. Rxe1 Re8 19. Rxe8 Bxe8 20. Nd3 N6d7 21.
Qxh6 Ne6 22. Qe3 Qe7 23. Bd1 Qf6 24. Bg4 Ndf8 25. Ne2 Kg7 26. Qg3 Qe7 27. Qb8 f5
28. Bf3 Ng5 29. Qe5+ Qxe5 30. Nxe5 Nd7 31. Nxd7 Bxd7 32. h4 Nxf3+ 33. gxf3 Kh6
34. Kg2 g5 35. hxg5+ Kxg5 36. Kg3 Be6 37. Nf4 Bf7 38. Nd3 Be8 39. f4+ Kf6 40.
Ne5 Bh5 41. Kh4 Be8 42. a3 b6 43. b4 a5 44. Kg3 axb4 45. axb4 Kg7 46. Kh4 Kf6
47. Nd3 Kg6 48. Nb2 b5 49. Nd3 Kf6 50. Ne5 Bg6 51. Nxc6 Be8 52. Ne5 Bg6 53. Nd7+
Ke7 54. Kg5 Be8 55. Nc5 Kd6 56. Kxf5 Bh5 57. Kg5 Bd1 58. f5 Bc2 59. f6 Bh7 60.
Kh6 1-0

[Event "Chess24 Banter Blitz Cup"]
[Site "chess24.com INT"]
[Date "2020.03.25"]
[Round "4.2"]
[White "Bluebaum, Matthias"]
[Black "Firouzja, Alireza"]
[Result "1/2-1/2"]
[WhiteTitle "GM"]
[BlackTitle "GM"]
[WhiteElo "2643"]
[BlackElo "2702"]
[WhiteFideId "24651516"]
[BlackFideId "12573981"]
[EventDate "2019.09.25"]
[EventType "blitz"]

1. d4 d5 2. c4 Nc6 3. Nc3 Nf6 4. Nf3 dxc4 5. e4 Bg4 6. d5 Ne5 7. Bf4 Bxf3 8.
gxf3 Ng6 9. Bg3 e5 10. dxe6 Qxd1+ 11. Rxd1 fxe6 12. Bxc4 e5 13. Nb5 Bb4+ 14. Ke2
Ke7 15. Nxc7 Rac8 16. Nd5+ Nxd5 17. Bxd5 Rc2+ 18. Kf1 Rxb2 19. h4 Bc5 20. h5 Nf4
21. Bh4+ Kd6 22. Bxb7+ Kc7 23. Bd5 Rf8 24. Bg3 Rfb8 25. Bxf4 exf4 26. Rh2 Rb1
27. Rxb1 Rxb1+ 28. Kg2 Rb2 29. Kh3 Kd6 30. Rg2 Rxf2 31. Rxf2 Bxf2 32. Kg4 Ke5
33. Bg8 h6 34. Bd5 Bc5 35. Bg8 Be7 36. Bd5 1/2-1/2

[Event "Chess24 Banter Blitz Cup"]
[Site "chess24.com INT"]
[Date "2020.03.25"]
[Round "4.3"]
[White "Firouzja, Alireza"]
[Black "Bluebaum, Matthias"]
[Result "1-0"]
[WhiteTitle "GM"]
[BlackTitle "GM"]
[WhiteElo "2702"]
[BlackElo "2643"]
[WhiteFideId "12573981"]
[BlackFideId "24651516"]
[EventDate "2019.09.25"]
[EventType "blitz"]

1. e4 e6 2. d4 d5 3. Nc3 Nf6 4. exd5 exd5 5. Bd3 Bd6 6. Nge2 O-O 7. Nb5 Bg4 8.
Nxd6 Qxd6 9. f3 Bh5 10. Nf4 Re8+ 11. Kf2 Nbd7 12. Nxh5 Nxh5 13. g3 Re7 14. Bg5
Nhf6 15. Qd2 Rae8 16. c3 c5 17. Rhe1 cxd4 18. cxd4 h6 19. Rxe7 Rxe7 20. Be3 Qe6
21. Re1 Qb6 22. Kg2 Re8 23. Re2 Nb8 24. Bf2 Rxe2 25. Qxe2 Nc6 26. a3 Qc7 27. b4
a6 28. Qc2 Nd7 29. a4 Qd8 30. Qc3 Nf8 31. b5 axb5 32. axb5 Ne7 33. Qc5 Ne6 34.
Qa7 Qc7 35. b6 Qc6 36. Qb8+ Qc8 37. Qd6 Kf8 38. h4 Qd8 39. Qb4 Qd7 40. Bb5 Qd8
41. Qa5 Qc8 42. Qa7 Nc6 43. Qa3+ Ne7 44. h5 Qd8 45. Qa5 Kg8 46. Ba4 Qc8 47. Qa7
Nc6 48. Bxc6 Qxc6 49. Qb8+ Kh7 50. Qe5 Qc2 51. Qxd5 Ng5 52. Qxb7 Nh3 53. Kxh3
Qxf2 54. Qe4+ g6 55. hxg6+ fxg6 56. Qe7+ Kg8 57. b7 Qf1+ 58. Kg4 Qb5 59. Qd8+
Kg7 60. Qc7+ Kf6 61. Qe5+ Qxe5 62. dxe5+ Kxe5 63. b8=Q+ Kf6 64. Kh3 1-0

[Event "Chess24 Banter Blitz Cup"]
[Site "chess24.com INT"]
[Date "2020.03.25"]
[Round "4.4"]
[White "Bluebaum, Matthias"]
[Black "Firouzja, Alireza"]
[Result "1/2-1/2"]
[WhiteTitle "GM"]
[BlackTitle "GM"]
[WhiteElo "2643"]
[BlackElo "2702"]
[WhiteFideId "24651516"]
[BlackFideId "12573981"]
[EventDate "2019.09.25"]
[EventType "blitz"]

1. d4 d5 2. c4 Nc6 3. Nc3 Nf6 4. Nf3 Bg4 5. cxd5 Nxd5 6. e4 Nxc3 7. bxc3 e6 8.
Bb5 Be7 9. O-O O-O 10. h3 Bh5 11. Be3 Na5 12. Be2 c5 13. Ne5 Bxe2 14. Qxe2 Rc8
15. Rfd1 cxd4 16. cxd4 Bd6 17. Qg4 Re8 18. Bf4 Nc4 19. Qg3 Bxe5 20. dxe5 Qa5 21.
Rac1 Red8 22. Rxd8+ Qxd8 23. Bg5 Qf8 24. Rc3 b5 25. Bf6 a5 26. Qf4 g6 27. h4 Nb6
28. Rh3 Nd7 29. h5 Qc5 30. Re3 Qf8 31. hxg6 fxg6 32. Rd3 Qf7 33. Qe3 Nxf6 34.
exf6 Qxf6 35. e5 Qh4 36. g3 Qg4 37. Rd7 Rf8 38. Qa7 Qh5 39. Rg7+ Kh8 40. Re7
Qd1+ 41. Kh2 Qh5+ 42. Kg1 Qd1+ 43. Kg2 Qf3+ 44. Kf1 Qd1+ 45. Kg2 Qf3+ 46. Kg1
Qd1+ 1/2-1/2